Assam and Indochina / (Record no. 42690)

MARC details
000 -LEADER
fixed length control field 00643nam a22001937a 4500
005 - DATE AND TIME OF LATEST TRANSACTION
control field 20100820135517.0
010 ## - LCCN (DPL NO)
LC control number ENG-101020
020 E# - INTERNATIONAL STANDARD BOOK NUMBER
Terms of availability 160.00
035 ## - SYSTEM CONTROL NUMBER
System control number EN-84553
037 ## - SOURCE OF ACQUISITION
Source of stock number/acquisition DBAD/PUB
082 ## - DEWEY DECIMAL CLASSIFICATION NUMBER
Classification number 954.51
100 ## - MAIN ENTRY--PERSONAL NAME
Personal name Sarma, Pradip
245 ## - TITLE STATEMENT
Title Assam and Indochina /
Statement of responsibility, etc by Pradip Sarma
260 ## - PUBLICATION, DISTRIBUTION, ETC. (IMPRINT)
Place of publication, distribution, etc Guwahati
Name of publisher, distributor, etc Publication Board Assam
Date of publication, distribution, etc 2008
270 ## - ADDRESS
City Guwahati
Postal code 781021
300 ## - PHYSICAL DESCRIPTION
Extent 205p.:
Other physical details ill.
Dimensions 22cm (Hb)
Accompanying material b&w photos
942 ## - ADDED ENTRY ELEMENTS (KOHA)
Source of classification or shelving scheme Dewey Decimal Classification
Item type English Books
Classification part 954.51
Call number suffix SAR
Holdings
Withdrawn status Lost status Not for loan Collection code Home library Current library Date acquired Source of acquisition Cost, normal purchase price Full call number Barcode Copy number Cost, replacement price Koha item type
    Not For Loan Non-fiction D.B.Act.Division D.B.Act.Division 20/08/2010 DBAD/PUB 160.00 954.51 SAR EN-84553 1 160.00 English Books

© Delhi Public Library
Hit Counter
free hit counter